000 00263nam a2200109 4500
082 0 _a225.5
242 0 0 _aNew testament in Bangala
245 1 0 _aKondimana na sika
260 _aKinshasa
_bAlliance Biblique Universelle
_cc.1977
300 _a656 p.
942 _2ddc
_cBK
999 _c64604
_d64578